Руководство по частной патологии человека. Ч. 2 (Запись № 1409388)

Подробности
000 -МАРКЕР
контрольное поле 01140nam2a2200265 4500
001 - ИДЕНТИФИКАТОР ЗАПИСИ
контрольное поле RU\NLR\bibl\850407
005 - ИДЕНТИФИКАТОР ВЕРСИИ
контрольное поле 20250614151814.0
010 ## - МЕЖДУНАРОДНЫЙ СТАНДАРТНЫЙ НОМЕР КНИГИ (ISBN)
Номер (ISBN) 5-225-04832-3
Тираж 2000
021 ## - НОМЕР ГОСУДАРСТВЕННОЙ РЕГИСТРАЦИИ
Код страны Российская Федерация
Номер 2005-23679
Номер Листа государственной регистраци 1202
035 ## - ДРУГИЕ СИСТЕМНЫЕ НОМЕРА
Идентификатор записи (NLR Aleph) 000839158
100 ## - ДАННЫЕ ОБЩЕЙ ОБРАБОТКИ
Данные общей обработки 20051008d2005 |||y0rusy50 ca
101 0# - ЯЗЫК РЕСУРСА
Язык текста, звукозаписи и т.д. русский
102 ## - СТРАНА ПУБЛИКАЦИИ ИЛИ ПРОИЗВОДСТВА
Страна публикации Российская Федерация
105 ## - ПОЛЕ КОДИРОВАННЫХ ДАННЫХ: ТЕКСТОВЫЕ МАТЕРИАЛЫ, МОНОГРАФИЧЕСКИЕ
Кодированные данные о монографическом текстовом документе y |||||||||
200 0# - ЗАГЛАВИЕ И СВЕДЕНИЯ ОБ ОТВЕТСТВЕННОСТИ
Основное заглавие Ч. 2
210 ## - ПУБЛИКАЦИЯ, РАСПРОСТРАНЕНИЕ И ДР.
Дата издания, распространения и т.д. 2005
Место издания, распространения и т.д. Б. м.
215 ## - ФИЗИЧЕСКАЯ ХАРАКТЕРИСТИКА
Специфическое обозначение материала и объем 526,[1] с.
320 ## - ПРИМЕЧАНИЯ О НАЛИЧИИ В ДОКУМЕНТЕ БИБЛИОГРАФИИ / УКАЗАТЕЛЯ
Текст примечания Библиогр. в тексте
461 #0 - УРОВЕНЬ НАБОРА
Встроенное поле 001RU\NLR\bibl\869956
-- 2001#$aРуководство по частной патологии человека$vЧ. 2
Системный номер (АБИС) связанной записи 1525391
Место публикации Москва
Дата публикации 2005
Первые сведения об ответственности [Н. К. Хитров, чл.-кор. РАМН, проф. и др.]
Имя издателя, распространителя и т.д. Медицина
Сведения, относящиеся к заглавию в двух частях : учебное пособие для системы послевузовского профессионального образования врачей
Заглавие Руководство по частной патологии человека
Номер тома Ч. 2
801 #0 - ИСТОЧНИК ЗАПИСИ
Страна Российская Федерация
Организация NLR
Дата составления 20051008
Правила каталогизации rcr
801 #1 - ИСТОЧНИК ЗАПИСИ
Страна Российская Федерация
Организация NLR
Дата составления 20051008
942 ## - ДОПОЛНИТЕЛЬНЫЕ ЭЛЕМЕНТЫ ЗАПИСИ (АБИС)
Тип экземпляра АБИС Книга
980 ## - КОЛЛЕКЦИЯ
Название коллекции Национальная библиография
Экземпляры
Тип экземпляра Дата поступления Источник поступления Библиотека постоянного хранения Библиотека текущего хранения Место хранения Шифр хранения Штрих-код Статус экземпляра Стоимость
Книга 08.10.2005 Обязательный экземпляр РНБ (Московский) РНБ (Московский) Русский книжный фонд: издания с 1957 года 2005-7/4644 2010763    
Книга 08.10.2005 Обязательный экземпляр РНБ (Московский) РНБ (Московский) Русский книжный фонд: издания с 1957 года 2005-7/4644 2010764    
Книга 27.12.2005 Покупка РНБ (Московский) РНБ (Московский) Фонд общего зала литературы по биологии и медицине М1 Р25/Р-851 ч.2 1-248635   1020.14
Книга 27.12.2005 Покупка РНБ (Садовая) РНБ (Садовая) Фонд научного зала литературы по биологии и медицине М2 Р25/Р-851 1-245156   1020.14